Dictionnaire grec-français / rédigé avec le concours de e. egger :
Guardado en:
| Autor Principal: | |
|---|---|
| Otros Autores: | , , |
| Formato: | Libro |
| Publicado: |
Paris :
Librairie Hachette,
1950
|
| Materias: | |
| Etiquetas: |
Agregar Etiqueta
Sin Etiquetas, Sea el primero en etiquetar este registro!
|
| LEADER | 00608nam a22002055a 4500 | ||
|---|---|---|---|
| 001 | EHU.bham044402 | ||
| 003 | AR-BHAM | ||
| 005 | 20161114123340.0 | ||
| 008 | 130507s1950##################000#0#####d | ||
| 082 | C | 4 | |a 483.4 |
| 100 | 1 | |a Bailly, A. | |
| 245 | 1 | 0 | |a Dictionnaire grec-français / |b rédigé avec le concours de e. egger : |c A. Bailly : |
| 260 | |a Paris : |b Librairie Hachette, |c 1950 | ||
| 300 | |a 2200 p. | ||
| 653 | |a Diccionarios | ||
| 653 | |a Diccionario griego-francés | ||
| 700 | 1 | |a Egger, E. | |
| 700 | 1 | |a Séchan, J., ed. | |
| 700 | 1 | |a Chantraine, P., ed. | |
| 859 | |a AR-BHAM |h 483.4 |i B158-1 |k C |p 649.16 |t Ej.1 | ||
